[Event "DEM U12/U12w 2003"]
[Site "Willingen GER"]
[Date "2003.06.08"]
[Round "1"]
[White "Smolkina, Milana"]
[Black "Becher, Anne"]
[Result "1-0"]
[Termination "normal"]
[Board "21"]
[WhiteElo "1623"]
[BlackElo "1294"]
[PlyCount "107"]
[WhiteFideId "24618780"]
[EventCountry "GER"]
[EventRounds "11"]
[EventType "swiss"]
[EventDate "2003.06.07"]

1. d4 d5 2. e3 Nf6 3. Bd3 e6 4. Nd2 c5 5. c3 Nc6 6. f4 g6 7. Ngf3 Bg7 8. Ne5
Qb6 9. O-O O-O 10. b3 Nd7 11. Ba3 Re8 12. Nxd7 Bxd7 13. Bxc5 Qc7 14. Rc1 b6 15.
Ba3 Qb7 16. c4 a6 17. Qf3 Ne7 18. Qe2 b5 19. Bc5 Rac8 20. Nf3 Nc6 21. Ne5 Nxe5
22. fxe5 dxc4 23. bxc4 b4 24. Rb1 a5 25. Bc2 Bf8 26. Bxf8 Rxf8 27. a3 Rb8 28.
axb4 axb4 29. Rb2 Qa6 30. Rfb1 Qa5 31. Qe1 Bc6 32. Rxb4 Rxb4 33. Qxb4 Qxb4 34.
Rxb4 Ra8 35. Rb1 Ra2 36. Rc1 Kg7 37. g3 Kh6 38. Kf1 Kg5 39. h3 h5 40. e4 f6 41.
h4+ Kh6 42. exf6 Kh7 43. Ke1 Kg8 44. Kd1 Kf7 45. e5 Bf3+ 46. Kd2 Rb2 47. Kc3
Rb7 48. Rb1 Rc7 49. Bd3 Rc6 50. Rb7+ Kf8 51. Bxg6 Rc8 52. Rh7 Kg8 53. f7+ Kf8
54. Rh8+ 1-0

[Event "DEM U12/U12w 2003"]
[Site "Willingen GER"]
[Date "2003.06.08"]
[Round "1"]
[White "Karmann, Anna"]
[Black "Strunski, Andreas"]
[Result "1/2-1/2"]
[Termination "normal"]
[Board "22"]
[WhiteElo "1275"]
[BlackElo "1619"]
[PlyCount "93"]
[WhiteFideId "24648000"]
[BlackFideId "24606073"]
[EventCountry "GER"]
[EventRounds "11"]
[EventType "swiss"]
[EventDate "2003.06.07"]

1. e4 e6 2. d4 d5 3. exd5 exd5 4. Bd3 Bd6 5. Nc3 Ne7 6. Nge2 Nbc6 7. Be3 Bg4 8.
f3 Bh5 9. Qd2 Qd7 10. Bf4 Bg6 11. Bxg6 hxg6 12. O-O-O O-O-O 13. Rde1 a6 14.
Bxd6 Qxd6 15. Qf4 Nf5 16. Qxd6 Rxd6 17. Nf4 Ncxd4 18. Nfxd5 c6 19. Ne7+ Kd7 20.
Nxf5 gxf5 21. h3 b5 22. Re5 Re8 23. Rxe8 Kxe8 24. Re1+ Kd7 25. a4 b4 26. Ne2
Nxe2+ 27. Rxe2 Re6 28. Kd2 f4 29. Kd3 Rxe2 30. Kxe2 Ke6 31. Kd3 Kd5 32. a5 f5
33. h4 g6 34. b3 c5 35. c4+ Ke6 36. Ke2 Kf7 37. Kf1 Kg8 38. Kg1 Kg7 39. Kf2 Kh6
40. g3 fxg3+ 41. Kxg3 Kh5 42. f4 Kh6 43. Kg2 Kg7 44. Kf3 Kf6 45. Kf2 Ke7 46.
Ke1 Kf8 47. Kf2 1/2-1/2

[Event "DEM U12/U12w 2003"]
[Site "Willingen GER"]
[Date "2003.06.08"]
[Round "1"]
[White "Heistermann, Till"]
[Black "Gröger, Eric"]
[Result "0-1"]
[Termination "normal"]
[Board "23"]
[WhiteElo "1619"]
[BlackElo "1265"]
[PlyCount "127"]
[EventCountry "GER"]
[EventRounds "11"]
[EventType "swiss"]
[EventDate "2003.06.07"]

1. e4 c5 2. Nf3 d6 3. d4 cxd4 4. Nxd4 Nf6 5. Nc3 g6 6. Be3 Bg7 7. f3 O-O 8. Qd2
Nc6 9. Bc4 Bd7 10. O-O-O Qa5 11. Kb1 Rfc8 12. Bb3 Ne5 13. h4 Nc4 14. Bxc4 Rxc4
15. h5 Rac8 16. hxg6 fxg6 17. Nb3 Qc7 18. Rc1 Be6 19. Bd4 Bf7 20. g4 e5 21. Be3
a6 22. g5 Nh5 23. Nd5 Bxd5 24. Qxd5+ Kh8 25. Qd2 b5 26. Rhd1 Bf8 27. Qf2 Rc6
28. Qd2 b4 29. Qd3 Ng7 30. Nd2 a5 31. Nf1 a4 32. Bd2 Ne6 33. Be3 a3 34. b3 Rc3
35. Qe2 Be7 36. Qd2 Qd8 37. Qg2 Bxg5 38. Bxg5 Nxg5 39. Nh2 Ne6 40. Rd2 Nd4 41.
Rf2 Qc7 42. Qg5 Qd8 43. Qxd8+ Rxd8 44. Rd1 Rdc8 45. Rdd2 Kg7 46. f4 Rf8 47.
fxe5 Rxf2 48. Rxf2 dxe5 49. Ng4 Rf3 50. Rxf3 Nxf3 51. Kc1 h5 52. Nf2 g5 53. c3
bxc3 54. Kc2 g4 55. b4 Kf6 56. Kxc3 Kg5 57. b5 h4 58. b6 Nd4 59. b7 Nc6 60. Kd3
h3 61. Ke3 Kh4 62. Nh1 g3 63. Kf3 g2 64. Nf2 0-1

[Event "DEM U12/U12w 2003"]
[Site "Willingen GER"]
[Date "2003.06.08"]
[Round "1"]
[White "Döring, Julia"]
[Black "Sörös, Martin-Wolfgang"]
[Result "0-1"]
[Termination "normal"]
[Board "24"]
[WhiteElo "1257"]
[BlackElo "1619"]
[PlyCount "114"]
[EventCountry "GER"]
[EventRounds "11"]
[EventType "swiss"]
[EventDate "2003.06.07"]

1. c4 Nf6 2. Nc3 e5 3. g3 c6 4. Bg2 d5 5. d3 d4 6. Ne4 Nxe4 7. Bxe4 f5 8. Bg2
Be7 9. Nf3 O-O 10. Nxe5 Qa5+ 11. Bd2 Qxe5 12. O-O Nd7 13. Bf4 Qe6 14. Re1 g5
15. Bd2 Ne5 16. Qc1 Qg6 17. b4 Be6 18. Qb2 Rad8 19. a4 f4 20. Red1 f3 21. Bf1
fxe2 22. Bxe2 g4 23. Qc2 Nf3+ 24. Kh1 Qh5 25. Bxf3 Rxf3 26. Bf4 Bg5 27. Bxg5
Qxg5 28. Re1 Rdf8 29. Rxe6 Rxf2 30. Re2 Qf6 31. Rxf2 Qxf2 32. Qxf2 Rxf2 33. Kg1
Rd2 34. Ra3 Kf7 35. b5 c5 36. Kh1 Kf6 37. Kg1 Kg5 38. Kh1 h5 39. Kg1 h4 40. Kh1
Rc2 41. Kg1 Rc3 42. Ra2 Rxd3 43. Kg2 hxg3 44. hxg3 Rc3 45. Kf2 Rxc4 46. Ke2 Rc3
47. Kf2 c4 48. Kg2 d3 49. Kf1 Rc1+ 50. Kf2 Rc2+ 51. Rxc2 dxc2 52. Ke3 c1=Q+ 53.
Kd4 Qd2+ 54. Kxc4 Kf5 55. Kc5 Ke4 56. b6 Qd4+ 57. Kb5 a6+ 0-1

[Event "DEM U12/U12w 2003"]
[Site "Willingen GER"]
[Date "2003.06.08"]
[Round "1"]
[White "van Orsouw, Svenja"]
[Black "Häcker, Katrin"]
[Result "1-0"]
[Termination "normal"]
[Board "25"]
[WhiteElo "1311"]
[BlackElo "1253"]
[PlyCount "55"]
[WhiteFideId "24677124"]
[BlackFideId "24667986"]
[EventCountry "GER"]
[EventRounds "11"]
[EventType "swiss"]
[EventDate "2003.06.07"]

1. d4 d5 2. Nc3 Nf6 3. Bf4 c6 4. f3 Bf5 5. e3 e6 6. Bd3 Bb4 7. Rb1 O-O 8. Nge2
Nbd7 9. a3 Bxc3+ 10. bxc3 b6 11. Ba6 Re8 12. Bb7 Rb8 13. Bxb8 Qxb8 14. Bxc6 e5
15. Qd2 Qc7 16. Bxd7 Nxd7 17. Rb2 e4 18. f4 Rc8 19. O-O Qd6 20. Rb3 Qg6 21. Ng3
Nf6 22. Nxf5 Qxf5 23. Qf2 Qh5 24. Re1 Ng4 25. Qg3 Rc6 26. Qh3 Qg6 27. Qh4 a5
28. Qd8# 1-0

[Event "DEM U12/U12w 2003"]
[Site "Willingen GER"]
[Date "2003.06.08"]
[Round "1"]
[White "Tschikischew, Jürgen"]
[Black "Roitzsch, Philipp"]
[Result "0-1"]
[Termination "normal"]
[Board "26"]
[WhiteElo "1249"]
[BlackElo "1612"]
[PlyCount "80"]
[BlackFideId "24635529"]
[EventCountry "GER"]
[EventRounds "11"]
[EventType "swiss"]
[EventDate "2003.06.07"]

1. d4 Nf6 2. c4 e5 3. dxe5 Ng4 4. Nf3 Bc5 5. e3 Nc6 6. b3 Ngxe5 7. Nxe5 Nxe5 8.
Bb2 Qe7 9. Nd2 d6 10. a3 O-O 11. b4 Bb6 12. Be2 Bf5 13. Nb3 Rad8 14. O-O Be4
15. a4 c6 16. a5 Bc7 17. Qd4 d5 18. cxd5 Bxd5 19. Qc3 Qh4 20. h3 Qg5 21. g3
Nf3+ 22. Bxf3 Bxf3 23. Nd4 Bd5 24. Ne2 Rfe8 25. Rad1 Be5 26. Nd4 Bxg3 27. f3
Be1+ 28. Kh1 Bxc3 29. Rg1 Qh5 30. Kh2 Bxb2 31. Rg2 Bxd4 32. Rxd4 Qxf3 33. Rdg4
g6 34. a6 bxa6 35. b5 Be6 36. R4g3 Qf1 37. Rg1 Rd2+ 38. R3g2 Rxg2+ 39. Rxg2 Bd5
40. Rg3 Qh1# 0-1

[Event "DEM U12/U12w 2003"]
[Site "Willingen GER"]
[Date "2003.06.08"]
[Round "1"]
[White "Poetsch, Hagen"]
[Black "Wisheckel, Lena"]
[Result "1-0"]
[Termination "normal"]
[Board "27"]
[WhiteElo "1611"]
[BlackElo "1242"]
[PlyCount "25"]
[WhiteFideId "24615137"]
[BlackFideId "24691992"]
[EventCountry "GER"]
[EventRounds "11"]
[EventType "swiss"]
[EventDate "2003.06.07"]

1. e4 e5 2. Nf3 Nf6 3. Bc4 Nxe4 4. Nc3 Nxc3 5. dxc3 Bd6 6. O-O O-O 7. Re1 Nc6
8. Bg5 Ne7 9. Nxe5 Bxe5 10. Rxe5 Re8 11. Qe2 Kf8 12. Qh5 d6 13. Qxf7# 1-0

[Event "DEM U12/U12w 2003"]
[Site "Willingen GER"]
[Date "2003.06.08"]
[Round "1"]
[White "Mischke, Daniel"]
[Black "Medlin, Paul"]
[Result "0-1"]
[Termination "normal"]
[Board "28"]
[WhiteElo "1238"]
[BlackElo "1611"]
[PlyCount "54"]
[EventCountry "GER"]
[EventRounds "11"]
[EventType "swiss"]
[EventDate "2003.06.07"]

1. e4 c5 2. Bc4 e6 3. Nc3 Nc6 4. Nf3 a6 5. a4 g6 6. d3 Bg7 7. Bf4 d6 8. h3 Nf6
9. Qd2 O-O 10. O-O Nb4 11. Ne2 d5 12. exd5 exd5 13. Bb3 Nh5 14. c3 Nc6 15. Bh6
Be6 16. Ng3 Nxg3 17. fxg3 Qb6 18. Ba2 f6 19. Bxg7 Kxg7 20. Rfe1 Rfe8 21. Rab1
Bf5 22. Bxd5 c4+ 23. Kh2 Bxd3 24. Rbd1 Rad8 25. Rxe8 Rxe8 26. Qc1 Qa5 27. Qa1
Qxd5 0-1

[Event "DEM U12/U12w 2003"]
[Site "Willingen GER"]
[Date "2003.06.08"]
[Round "1"]
[White "Wortmann, Jonas"]
[Black "Büchner, Felix"]
[Result "1-0"]
[Termination "normal"]
[Board "29"]
[WhiteElo "1608"]
[BlackElo "1229"]
[PlyCount "95"]
[WhiteFideId "24628069"]
[EventCountry "GER"]
[EventRounds "11"]
[EventType "swiss"]
[EventDate "2003.06.07"]

1. e4 c6 2. d4 d5 3. e5 Bf5 4. Nf3 e6 5. Be2 Nd7 6. O-O c5 7. c3 Rc8 8. a3 Ne7
9. b4 cxd4 10. cxd4 a6 11. Bd3 Bxd3 12. Qxd3 Nc6 13. Be3 Be7 14. Nbd2 O-O 15.
Nb3 Re8 16. Nc5 Nxc5 17. bxc5 Rc7 18. Rab1 h6 19. Rb6 Qd7 20. Rfb1 Rec8 21. Bd2
Na7 22. Qb3 Rb8 23. Rxa6 Nc6 24. Rb6 Nxd4 25. Nxd4 Bxc5 26. Nxe6 fxe6 27. Rb5
b6 28. Be3 Bxe3 29. Qxe3 d4 30. Qd2 Rcb7 31. R1b4 d3 32. Rb3 Qd4 33. Qxd3 Qxe5
34. h3 Kf7 35. Qc4 Ke7 36. Re3 Rc7 37. Qg4 Qf6 38. Qb4+ Kf7 39. Rf3 Qxf3 40.
gxf3 Rc5 41. Qxc5 bxc5 42. Rxb8 Ke7 43. Rb6 Kd7 44. a4 c4 45. Rb4 Kc6 46. Rxc4+
Kb6 47. Kg2 Ka5 48. Kg3 1-0

[Event "DEM U12/U12w 2003"]
[Site "Willingen GER"]
[Date "2003.06.08"]
[Round "1"]
[White "Penne, Bo"]
[Black "Schrödter, Thomas"]
[Result "0-1"]
[Termination "normal"]
[Board "30"]
[WhiteElo "1226"]
[BlackElo "1605"]
[PlyCount "94"]
[WhiteFideId "24642193"]
[EventCountry "GER"]
[EventRounds "11"]
[EventType "swiss"]
[EventDate "2003.06.07"]

1. e4 c5 2. Nf3 Nc6 3. d4 cxd4 4. Nxd4 Nf6 5. Nc3 e5 6. Ndb5 d6 7. Bg5 a6 8.
Bxf6 gxf6 9. Na3 b5 10. Nd5 Bg7 11. Be2 f5 12. Bf3 O-O 13. exf5 e4 14. f6 Bxf6
15. Nxf6+ Qxf6 16. Qd5 Bb7 17. O-O-O exf3 18. gxf3 Kh8 19. Rhg1 Rg8 20. Rxg8+
Rxg8 21. Qd2 Ne5 22. Nb1 Nxf3 23. Qd3 Qf4+ 24. Nd2 Nxd2 25. Qxd2 Qxd2+ 26. Kxd2
Rg2 27. Ke3 d5 28. Rd4 Rxh2 29. Rf4 Rh3+ 30. Ke2 Kg7 31. Rg4+ Kf8 32. Rf4 Rh6
33. Kd3 Ke7 34. Rg4 Rg6 35. Rh4 h6 36. Rb4 h5 37. Ke3 Rg4 38. Rxg4 hxg4 39. Kf4
Bc8 40. Ke5 Be6 41. a3 f6+ 42. Kf4 Kd6 43. b4 Kc6 44. Ke3 Bf5 45. c3 Kd6 46.
Kd4 Bg6 47. Ke3 Ke5 0-1

[Event "DEM U12/U12w 2003"]
[Site "Willingen GER"]
[Date "2003.06.08"]
[Round "1"]
[White "Weller, Manuel"]
[Black "Billing, Tanja"]
[Result "1-0"]
[Termination "normal"]
[Board "31"]
[WhiteElo "1593"]
[BlackElo "1226"]
[PlyCount "87"]
[WhiteFideId "24635952"]
[BlackFideId "24647993"]
[EventCountry "GER"]
[EventRounds "11"]
[EventType "swiss"]
[EventDate "2003.06.07"]

1. d4 d5 2. Nf3 Nf6 3. c4 e6 4. Nc3 Nc6 5. Bg5 dxc4 6. e3 Be7 7. Bxc4 O-O 8.
O-O a6 9. a3 b5 10. Bd3 Nd5 11. Bxe7 Ncxe7 12. Ne4 h6 13. Nc5 Nf6 14. a4 c6 15.
axb5 cxb5 16. Bxb5 Qb6 17. Qe2 Rb8 18. Bxa6 Qxb2 19. Qxb2 Rxb2 20. Rfb1 Rxb1+
21. Rxb1 Bxa6 22. Nxa6 Nc6 23. Rc1 Ne7 24. h3 Ra8 25. Nb4 Ne4 26. Ne5 Rb8 27.
Ned3 Kh7 28. f3 Ng3 29. Kf2 Ngf5 30. g4 Nd6 31. e4 f5 32. gxf5 exf5 33. e5 Nb5
34. d5 Ng6 35. f4 Nd4 36. Ke3 Nxf4 37. Kxd4 Ne2+ 38. Kc5 Nxc1 39. Nxc1 Rc8+ 40.
Nc6 f4 41. d6 f3 42. Nd3 Rf8 43. Nf2 Rc8 44. d7 1-0

[Event "DEM U12/U12w 2003"]
[Site "Willingen GER"]
[Date "2003.06.08"]
[Round "1"]
[White "Göbel, Florian"]
[Black "Fischer, Benjamin"]
[Result "0-1"]
[Termination "normal"]
[Board "32"]
[WhiteElo "1180"]
[BlackElo "1591"]
[PlyCount "24"]
[EventCountry "GER"]
[EventRounds "11"]
[EventType "swiss"]
[EventDate "2003.06.07"]

1. e4 e6 2. d4 d5 3. Nc3 Nf6 4. Bg5 Be7 5. e5 Nfd7 6. Bxe7 Qxe7 7. f4 a6 8. Nf3
c5 9. Be2 Nc6 10. O-O cxd4 11. Nxd4 Qc5 12. Kh1 Qxd4 0-1

[Event "DEM U12/U12w 2003"]
[Site "Willingen GER"]
[Date "2003.06.08"]
[Round "1"]
[White "Kim, Oi-sin"]
[Black "Völsgen, Georg"]
[Result "1-0"]
[Termination "normal"]
[Board "33"]
[WhiteElo "1588"]
[BlackElo "1159"]
[PlyCount "41"]
[WhiteFideId "24605778"]
[BlackFideId "24635901"]
[EventCountry "GER"]
[EventRounds "11"]
[EventType "swiss"]
[EventDate "2003.06.07"]

1. e4 e5 2. Nf3 Nc6 3. Bc4 Bc5 4. c3 Nf6 5. d4 exd4 6. e5 Qe7 7. O-O Ng8 8.
cxd4 Bb6 9. d5 Qc5 10. Bb3 Nd4 11. Be3 Nxf3+ 12. Qxf3 Qe7 13. d6 cxd6 14. exd6
Qf6 15. Qe4+ Kf8 16. Bxb6 axb6 17. Re1 Qd8 18. Nc3 Nf6 19. Qe7+ Qxe7 20. dxe7+
Ke8 21. Nb5 1-0

[Event "DEM U12/U12w 2003"]
[Site "Willingen GER"]
[Date "2003.06.08"]
[Round "1"]
[White "Stelter, Frederik"]
[Black "Rafiee, Makan"]
[Result "0-1"]
[Termination "normal"]
[Board "34"]
[WhiteElo "1157"]
[BlackElo "1579"]
[PlyCount "70"]
[BlackFideId "24609340"]
[EventCountry "GER"]
[EventRounds "11"]
[EventType "swiss"]
[EventDate "2003.06.07"]

1. c4 c5 2. Nc3 Nc6 3. g3 g6 4. Bg2 Bg7 5. Nf3 Nf6 6. O-O O-O 7. Rb1 e6 8. a3
d5 9. d3 d4 10. Na2 a5 11. Qc2 Qe7 12. Bd2 a4 13. e3 e5 14. Rfe1 Qc7 15. exd4
exd4 16. Nc1 Bd7 17. b3 axb3 18. Qxb3 Ra7 19. Rb2 Rfa8 20. Bf4 Qa5 21. Bd6 Bg4
22. Kf1 Bh6 23. Rb1 Bxf3 24. Bxf3 Rd8 25. Bxc6 bxc6 26. Be5 Re8 27. f4 Nd7 28.
Na2 Qxa3 29. Nc1 Nxe5 30. fxe5 Bxc1 31. Rexc1 Qxb3 32. Rxb3 Rxe5 33. Rb8+ Kg7
34. Rb6 Re6 35. Rbb1 Ra6 0-1

[Event "DEM U12/U12w 2003"]
[Site "Willingen GER"]
[Date "2003.06.08"]
[Round "1"]
[White "Moshtael, Wesal"]
[Black "Hannes, Diana"]
[Result "1-0"]
[Termination "normal"]
[Board "35"]
[WhiteElo "1578"]
[BlackElo "1145"]
[PlyCount "105"]
[WhiteFideId "24618551"]
[BlackFideId "24611344"]
[EventCountry "GER"]
[EventRounds "11"]
[EventType "swiss"]
[EventDate "2003.06.07"]

1. Nf3 d5 2. g3 Nc6 3. d4 Bf5 4. Bg2 Nf6 5. O-O e6 6. Nbd2 Bd6 7. b3 Nb4 8. Ne1
Qe7 9. a3 Nc6 10. Nef3 O-O 11. Bb2 Ne4 12. Nh4 Qg5 13. Nxe4 Bxe4 14. Bxe4 dxe4
15. Ng2 Rfd8 16. e3 Qa5 17. c4 Qf5 18. Qc2 e5 19. d5 Nb8 20. Rfd1 b6 21. b4 Nd7
22. Rac1 h6 23. Qe2 Re8 24. Rc2 Rac8 25. Rdc1 c5 26. b5 Nf6 27. a4 Qh3 28. Ne1
h5 29. Qf1 Qg4 30. Qe2 Qh3 31. Qf1 Qg4 32. h3 Qg6 33. Ng2 Nh7 34. Nh4 Qf6 35.
Kh2 Ng5 36. Qg2 Nf3+ 37. Nxf3 exf3 38. Qh1 h4 39. e4 hxg3+ 40. fxg3 g5 41. Rf2
g4 42. Kg1 Kg7 43. hxg4 Qh6 44. Qxh6+ Kxh6 45. Rxf3 Rf8 46. Rcf1 Kg6 47. Rf6+
Kg5 48. Rxd6 Rfe8 49. Rxf7 Kxg4 50. Rh7 Rh8 51. Rhh6 Rxh6 52. Rxh6 Kg5 53. Bc1+
1-0

[Event "DEM U12/U12w 2003"]
[Site "Willingen GER"]
[Date "2003.06.08"]
[Round "1"]
[White "Frey, Alisa"]
[Black "Nuber, Blasius"]
[Result "0-1"]
[Termination "normal"]
[Board "36"]
[WhiteElo "1138"]
[BlackElo "1560"]
[PlyCount "100"]
[WhiteFideId "24634662"]
[BlackFideId "24620289"]
[EventCountry "GER"]
[EventRounds "11"]
[EventType "swiss"]
[EventDate "2003.06.07"]

1. d4 d5 2. c4 c6 3. Nc3 e6 4. Nf3 Bd6 5. b3 Nf6 6. Bb2 O-O 7. e3 Nbd7 8. Bd3
Re8 9. O-O dxc4 10. bxc4 e5 11. dxe5 Nxe5 12. Nxe5 Bxe5 13. Qc2 Qc7 14. h3 Be6
15. Rfd1 Rad8 16. Ne4 Nxe4 17. Bxe5 Qxe5 18. Bxe4 f5 19. Bf3 f4 20. exf4 Qxf4
21. Be2 Rf8 22. Bd3 h6 23. Rab1 b6 24. Rf1 Rd4 25. Rbc1 Rfd8 26. Rfd1 c5 27.
Qa4 Rxd3 28. Re1 Rd2 29. Rf1 Rxf2 30. Rxf2 Qxc1+ 31. Rf1 Qe3+ 32. Kh1 Qe2 33.
Rc1 Bd7 34. Qb3 Bc6 35. Qg3 Qxa2 36. Re1 Qxc4 37. Re7 Qf1+ 38. Kh2 Qxg2+ 39.
Qxg2 Bxg2 40. Kxg2 a5 41. Kf2 Rd3 42. h4 Rb3 43. Ke1 a4 44. Re2 a3 45. Kd2 c4
46. Kc2 b5 47. Kc1 b4 48. h5 Rb2 49. Re8+ Kh7 50. Rc8 b3 0-1

[Event "DEM U12/U12w 2003"]
[Site "Willingen GER"]
[Date "2003.06.08"]
[Round "1"]
[White "Miclea, Sebastian"]
[Black "Reipschläger, Tom"]
[Result "0-1"]
[Termination "normal"]
[Board "37"]
[WhiteElo "1532"]
[BlackElo "1099"]
[PlyCount "122"]
[EventCountry "GER"]
[EventRounds "11"]
[EventType "swiss"]
[EventDate "2003.06.07"]

1. d4 d5 2. c4 e6 3. Nc3 c5 4. cxd5 exd5 5. dxc5 Nf6 6. Bg5 d4 7. Bxf6 Qxf6 8.
Nb5 Qc6 9. Nxd4 Qxc5 10. Ngf3 Be7 11. e3 O-O 12. Be2 Rd8 13. O-O Nc6 14. Qb3
Bf6 15. Rac1 Nxd4 16. Nxd4 Qg5 17. Nf3 Qg6 18. Rfd1 Bg4 19. Qxb7 Rab8 20. Rxd8+
Rxd8 21. Rd1 Rxd1+ 22. Bxd1 h6 23. Qxa7 Bxf3 24. Qb8+ Kh7 25. Qg3 Qxg3 26. Bc2+
g6 27. hxg3 Be2 28. b4 Bc3 29. a3 Bc4 30. f3 Kg7 31. Kf2 Kf6 32. e4 Ke5 33. Ke3
Bd4+ 34. Kd2 f5 35. f4+ Kf6 36. Bd3 Be6 37. e5+ Ke7 38. g4 fxg4 39. Bxg6 g3 40.
Kd3 Bf2 41. b5 h5 42. Bxh5 Bd5 43. Ke2 Bc4+ 44. Kf3 Bd5+ 45. Ke2 Bxg2 46. Bf3
Bh3 47. Bh1 Ke6 48. Kf3 Kf5 49. b6 Bg4+ 50. Kg2 Kxf4 51. Kf1 Bxb6 52. e6 Bxe6
53. Bg2 Bf2 54. Ke2 Bc4+ 55. Kd2 Bd4 56. a4 Be6 57. a5 Bf5 58. a6 Be4 59. Bxe4
Kxe4 60. a7 Bxa7 61. Ke2 g2 0-1

[Event "DEM U12/U12w 2003"]
[Site "Willingen GER"]
[Date "2003.06.08"]
[Round "1"]
[White "Schultheiß, Vera"]
[Black "Zahn, Benno"]
[Result "0-1"]
[Termination "normal"]
[Board "38"]
[WhiteElo "1046"]
[BlackElo "1529"]
[PlyCount "98"]
[BlackFideId "24636070"]
[EventCountry "GER"]
[EventRounds "11"]
[EventType "swiss"]
[EventDate "2003.06.07"]

1. e4 c5 2. Nf3 Nc6 3. Bc4 g6 4. Ng5 e6 5. d3 Bg7 6. O-O Nge7 7. Qf3 Ne5 8. Qf4
O-O 9. Nd2 N7c6 10. Qh4 h6 11. Ngf3 Qxh4 12. Nxh4 a6 13. Nhf3 Rd8 14. Nxe5 Nxe5
15. c3 b5 16. Bb3 Nxd3 17. Bc2 Ne5 18. Nb3 d6 19. Rd1 Nc6 20. Bd3 c4 21. Be2
cxb3 22. axb3 Bb7 23. Bf3 Ne5 24. Be2 Bxe4 25. f3 Bc2 26. Rd4 Bxb3 27. Rb4 Bc4
28. Bxc4 Nxc4 29. b3 Bxc3 30. Raa4 bxa4 31. Rxc4 Rdc8 32. Rxa4 Bd4+ 33. Rxd4
Rxc1+ 34. Kf2 d5 35. Rh4 Kg7 36. Rg4 a5 37. h4 h5 38. Rg5 Rc2+ 39. Kg3 f6 40.
Rxh5 gxh5 41. Kh3 d4 42. g4 hxg4+ 43. fxg4 d3 44. b4 axb4 45. g5 d2 46. gxf6+
Kxf6 47. h5 d1=Q 48. h6 Ra3+ 49. Kh4 Rh2# 0-1

[Event "DEM U12/U12w 2003"]
[Site "Willingen GER"]
[Date "2003.06.08"]
[Round "1"]
[White "Doberitz, Paul"]
[Black "Prosch, Julia"]
[Result "1-0"]
[Termination "normal"]
[Board "39"]
[WhiteElo "1526"]
[BlackElo "1003"]
[PlyCount "111"]
[WhiteFideId "24646130"]
[EventCountry "GER"]
[EventRounds "11"]
[EventType "swiss"]
[EventDate "2003.06.07"]

1. e4 e5 2. Nf3 Nc6 3. d4 exd4 4. Bc4 Bc5 5. c3 d3 6. O-O Nf6 7. Qxd3 O-O 8.
Bg5 Be7 9. Nbd2 d6 10. Rfe1 Bg4 11. Bb3 h6 12. Bh4 Re8 13. h3 Ne5 14. Nxe5 dxe5
15. Qc2 Bh5 16. Bc4 Qd6 17. Be2 Bxe2 18. Rxe2 Rad8 19. Bg3 Nh5 20. Nc4 Qc5 21.
Ne3 Nxg3 22. fxg3 Bg5 23. Rae1 Bxe3+ 24. Rxe3 Rd4 25. Kh2 Red8 26. R3e2 R4d6
27. Rf1 Qc4 28. b3 Qd3 29. Qb2 Rg6 30. Rf3 Qd1 31. Ref2 f6 32. Qa3 a6 33. Qb4
Qe1 34. Qxb7 Rd1 35. Rf1 Qxf1 36. Rxf1 Rxf1 37. Qxc7 Re1 38. Qc6 Rc1 39. c4 Rc3
40. g4 a5 41. c5 Rc2 42. Qd6 Rxa2 43. c6 Rc2 44. c7 f5 45. Qxg6 Rxc7 46. gxf5
Kh8 47. Qe8+ Kh7 48. Qxe5 Rb7 49. Qd5 Ra7 50. e5 a4 51. bxa4 Rxa4 52. e6 Ra7
53. Qd7 Rxd7 54. exd7 g6 55. f6 Kg8 56. d8=Q+ 1-0

[Event "DEM U12/U12w 2003"]
[Site "Willingen GER"]
[Date "2003.06.08"]
[Round "1"]
[White "Eckoldt, Katja"]
[Black "Khramoy, Gennadiy"]
[Result "0-1"]
[Termination "normal"]
[Board "40"]
[WhiteElo "979"]
[BlackElo "1517"]
[PlyCount "114"]
[EventCountry "GER"]
[EventRounds "11"]
[EventType "swiss"]
[EventDate "2003.06.07"]

1. e4 e6 2. Nf3 d5 3. exd5 exd5 4. d4 Be7 5. Nc3 Nf6 6. Be2 O-O 7. O-O a6 8.
Bg5 Bf5 9. Bd3 Bg4 10. Be2 Nbd7 11. h3 Bh5 12. Bxf6 Bxf6 13. Nxd5 Re8 14. Nxf6+
Nxf6 15. c3 h6 16. Re1 Re7 17. Nd2 Bg6 18. Bf3 c6 19. Rxe7 Qxe7 20. Qe1 Qd7 21.
Qf1 Bf5 22. Kh2 Rb8 23. Re1 Be6 24. a3 c5 25. Qd3 b5 26. b3 cxd4 27. cxd4 Rd8
28. b4 Qxd4 29. Qxd4 Rxd4 30. Ne4 Nxe4 31. Bxe4 Bd5 32. Bc2 g6 33. Re3 Rd2 34.
Rd3 Rxc2 35. Rxd5 Rc3 36. Rd8+ Kg7 37. Ra8 Rxa3 38. g3 g5 39. Ra7 Ra4 40. Kg2
Rxb4 41. Rxa6 Rb3 42. Rb6 b4 43. Rb5 Kg6 44. Rc5 Rd3 45. Rb5 b3 46. Rb4 f6 47.
Rb5 h5 48. Rb4 Kf5 49. g4+ hxg4 50. hxg4+ Ke5 51. f3 Rd2+ 52. Kg3 b2 53. Re4+
Kd5 54. Rb4 Kc5 55. Rb3 Kc4 56. Rb6 Kc3 57. Rb7 Kc2 0-1

[Event "DEM U12/U12w 2003"]
[Site "Willingen GER"]
[Date "2003.06.08"]
[Round "1"]
[White "Jannes, Alexander"]
[Black "Hort, Maria"]
[Result "1-0"]
[Termination "normal"]
[Board "41"]
[WhiteElo "1515"]
[BlackElo "966"]
[PlyCount "47"]
[WhiteFideId "4647955"]
[EventCountry "GER"]
[EventRounds "11"]
[EventType "swiss"]
[EventDate "2003.06.07"]

1. d4 d5 2. c4 dxc4 3. e4 e6 4. Bxc4 Bb4+ 5. Nc3 Ne7 6. Bg5 h6 7. Bh4 O-O 8.
Nge2 Nd7 9. O-O b6 10. a3 Bxc3 11. Nxc3 Bb7 12. b4 Re8 13. d5 exd5 14. Bxd5 Qc8
15. Bxb7 Qxb7 16. Qxd7 Ng6 17. Bg3 Rac8 18. Qd5 c6 19. Qb3 Rcd8 20. Rad1 Qa6
21. b5 cxb5 22. Nxb5 Rxe4 23. Rxd8+ Kh7 24. Qxf7 1-0

[Event "DEM U12/U12w 2003"]
[Site "Willingen GER"]
[Date "2003.06.08"]
[Round "1"]
[White "Thewes, Johannes"]
[Black "Rath, Oliver"]
[Result "0-1"]
[Termination "normal"]
[Board "42"]
[WhiteElo "903"]
[BlackElo "1513"]
[PlyCount "56"]
[WhiteFideId "4624823"]
[BlackFideId "24610380"]
[EventCountry "GER"]
[EventRounds "11"]
[EventType "swiss"]
[EventDate "2003.06.07"]

1. e4 c5 2. Nc3 d6 3. Nf3 Nc6 4. Bc4 Nf6 5. d3 a6 6. a3 Bg4 7. h3 Bh5 8. Bg5 e6
9. O-O Nd4 10. g4 Nxf3+ 11. Qxf3 Bg6 12. Rfe1 h6 13. Bh4 Be7 14. Rad1 O-O 15.
d4 cxd4 16. Rxd4 Qc7 17. Rd2 Rac8 18. b3 Qa5 19. a4 b5 20. e5 dxe5 21. Rxe5 Qc7
22. Bg3 Bd6 23. Re3 Bxg3 24. Qxg3 Qxg3+ 25. Rxg3 bxc4 26. h4 cxb3 27. cxb3 Rxc3
28. Rxc3 Ne4 0-1

[Event "DEM U12/U12w 2003"]
[Site "Willingen GER"]
[Date "2003.06.08"]
[Round "1"]
[White "Trapp, Maximilian"]
[Black "Müller, Anna-Louise"]
[Result "1-0"]
[Termination "normal"]
[Board "43"]
[WhiteElo "1506"]
[BlackElo "821"]
[PlyCount "35"]
[BlackFideId "4633512"]
[EventCountry "GER"]
[EventRounds "11"]
[EventType "swiss"]
[EventDate "2003.06.07"]

1. f4 Nf6 2. Nf3 e6 3. e3 Bd6 4. d4 O-O 5. Bd3 b6 6. O-O Bb7 7. c3 Nc6 8. Qe2
a6 9. e4 Be7 10. e5 Ng4 11. Ng5 Nh6 12. Qh5 d6 13. Bxh7+ Kh8 14. Bc2 dxe5 15.
fxe5 Qe8 16. Nh3 Kg8 17. Bxh6 gxh6 18. Qxh6 1-0